Guess the fruit - Statistics

General Stats
  • This quiz has been taken 54 times
  • The average score is 14 of 15
Answer Stats
Picture Answer % Correct
Apple
100%
Avocado
100%
Banana
100%
Grape
100%
Mango
100%
Strawberry
100%
Tomato
100%
Blackberry
98%
Pineapple
98%
Lemon
96%
Pear
96%
Raspberry
96%
Blueberry
82%
Papaya
82%
Passion Fruit
68%
No matching quizzes found
Score Distribution
Percent of People with Each Score
Percentile by Number Answered
Your Score History
You have not taken this quiz